| 000 | 01021cam a2200205 4500 | ||
|---|---|---|---|
| 001 | L137161 | ||
| 008 | 070320s2007 xxk f 000 0 eng d | ||
| 035 | _a(Sirsi) u137161 | ||
| 041 | 0 | _aeng | |
| 110 | 2 |
_aInternational Accounting Standards Board _94097 |
|
| 245 | 0 | 0 |
_aIASB update _bFebruary 2007 _h[electronic resource] |
| 260 |
_aLondon _bIASB _c2007 |
||
| 490 | 0 |
_aIASB Update _vFebruary 2007 |
|
| 520 | _aSummary of the International Accounting Standards Board meeting in London on 20?22 February when it discussed business combinations, insurance contracts, financial statement presentation, annual improvements process, financial instruments, liabilities and equity, conceptual framework and post-employment benefits. | ||
| 590 | _aKA | ||
| 651 | 4 | _aInternational | |
| 690 | _aMANAGEMENT-BUSINESS MANAGEMENT-FINANCIAL MANAGEMENT-ACCOUNTING-FINANCIAL REPORTING | ||
| 856 | 4 | 0 |
_uhttps://www.iasb.org/Updates/IASB+Updates/2007/2007+IASB+Updates.htm _zView the item free of charge at www.iasb.org... |
| 942 | _n0 | ||
| 999 |
_c106667 _d106667 |
||